| 000 | 00628nam a22002057a 4500 | ||
|---|---|---|---|
| 005 | 20251108163350.0 | ||
| 008 | 250721s1981 xx 000 0 ara d | ||
| 082 | 1 | 4 | _a216,3/سلا |
| 100 | 1 | _aسلام، أبو عبيد القاسم | |
| 245 | 1 | 0 | _aكتاب الأموال / |
| 250 | _aط 3. | ||
| 264 | 1 |
_aالقاهرة : _bمكتبة الكليات الازهرية : دار الفكر، _c1981. |
|
| 300 | _a559ص | ||
| 650 | 1 | 7 | _aالإسلام |
| 650 | 1 | 7 | _aالفقه |
| 650 | 1 | 7 | _aالمعاملات (فقه إسلامي) |
| 700 | 1 |
_aهراس، محمد خليل _eتحقيق |
|
| 942 |
_2ddc _cBK |
||
| 999 |
_c860 _d860 |
||